|
|
|
|
| LEADER |
00970nam a2200253 4500 |
| 001 |
000988488 |
| 003 |
CZ BrMZK |
| 005 |
20190115140817.0 |
| 007 |
ss lsnjlcmpnze |
| 008 |
010825s1988 gw f ger |
| 020 |
|
|
|a 3-358-02163-7
|
| 040 |
|
|
|a BOA001
|b cze
|
| 100 |
1 |
|
|a Krüss, James,
|d 1926-1997
|7 mzk2002165401
|
| 245 |
1 |
0 |
|a James' Tierleben :
|c eine kleine Zoologie zur Unterhaltung und Belehrung und zum Lesen und Vorlesen für die ganze Familie in 99 gereimten Lektionen ausführlich dargestellt von James Krüss ; illustr. von Eberhard Binder
|
| 260 |
|
|
|a Berlin :
|b Der Kinderbuch-Verlag,
|c 1988
|
| 300 |
|
|
|a 118 s. :
|b illustr.
|
| 541 |
|
|
|a 10.12.1999
|
| 653 |
|
|
|a dětská literatura
|
| 655 |
|
4 |
|a básně
|
| 655 |
|
7 |
|a poezie
|7 fd131936
|2 czenas
|
| 910 |
|
|
|a BOA001
|b NK-0003.851
|
| 990 |
|
|
|a KZ
|
| 991 |
|
|
|z 000025426
|x 44
|
| 996 |
7 |
|
|b 261D004976
|c NK-0003.851
|l Německá knihovna/2.patro
|r ZHR
|n 21
|p {K-03.851}
|h K-KRÜ
|w 000988488
|u 000010
|a 0
|e BOA001
|j MZK50
|s A
|